000 00260nam a2200097Ia 4500
001 655251
005 20250826154533.0
008 250824s9999 xx 000 0 und d
245 0 _aALİCE HARİKALAR DİYARINDA
_cLEWIS CARROL
260 _bANTİK DÜNYA KLASİKLERİ
999 _c655251
_d655251